[Event "Manila ol (Women)"]
[Site "Manila"]
[Date "1992.??.??"]
[Round "?"]
[White "Repkova Eid, Eva"]
[Black "De Vries, Sylvia"]
[Result "1-0"]
[WhiteElo "2185"]
[BlackElo "2180"]

1.e4 g6 2.d4 Bg7 3.Nc3 c6 4.Be3 d6 5.Qd2 Nd7 6.f3 b5 7.Nh3 Qc7 8.Nf4 a6 9.h4 Ngf6
10.h5 e5 11.h6 Bf8 12.Nh3 Bb7 13.Ng5 c5 14.dxc5 Nxc5 15.O-O-O Be7 16.Nd5 Bxd5
17.exd5 Rc8 18.Kb1 O-O 19.g3 Na4 20.Bh3 Nxd5 21.Bxc8 Rxc8 22.c4 Nxe3 23.Qxe3 bxc4
24.Ne4 d5 25.Rxd5 Nxb2 26.Ka1 Nd3 27.Rb1 Qc6 28.Nc3 Bb4 29.Rxb4 Nxb4 30.Qxe5 Kf8
31.Qg7+ Ke7 32.Re5+ Kd8 33.Qxf7 Rb8 34.Qf8+ Kc7 35.Re7+ Kd6 36.Re8+ Kc7 37.Qe7+  1-0

[Event "Manila ol (Women)"]
[Site "Manila"]
[Date "1992.??.??"]
[Round "?"]
[White "Jackson, Sheila"]
[Black "Ostry, Irina"]
[Result "1/2-1/2"]
[WhiteElo "2230"]
[BlackElo "2220"]

1.e4 g6 2.d4 Bg7 3.Nc3 c6 4.Nf3 d5 5.e5 f6 6.Bf4 Nh6 7.Qd2 Nf7 8.exf6 exf6
9.Qe3+ Qe7 10.Qxe7+ Kxe7 11.O-O-O Re8 12.h3 Be6 13.Bd3 Nd7 14.Rde1 Kf8 15.Re2 Bh6
16.Bxh6+ Nxh6 17.g4 Bg8 18.Rhe1 Rxe2 19.Rxe2 Re8 20.Kd2 Rxe2+ 21.Nxe2 Nf7
22.Ng3 Nd6 23.c3 Ke7 24.h4 Be6 25.Nh2  1/2-1/2

[Event "Manila ol (Women)"]
[Site "Manila"]
[Date "1992.??.??"]
[Round "?"]
[White "Veroci, Zsuzsa"]
[Black "Gurieli, Nino"]
[Result "1-0"]
[WhiteElo "2310"]
[BlackElo "2375"]

1.e4 g6 2.d4 Bg7 3.Nc3 c6 4.Nf3 d6 5.a4 Nf6 6.h3 O-O 7.Be3 Nbd7 8.a5 b5 9.axb6 Qxb6
10.Ra2 a5 11.Bd3 Ba6 12.O-O d5 13.Re1 Bxd3 14.Qxd3 dxe4 15.Nxe4 Nd5 16.Bd2 a4
17.Rea1 Nb4 18.Bxb4 Qxb4 19.c3 Qb5 20.c4 Qb4 21.Nc3 Rfd8 22.Qe2 Nb6 23.c5 Nd5
24.Qc2 Rab8 25.Nxd5 Rxd5 26.Rxa4 Qb5 27.Ra5 Qb4 28.R1a4 Qb7 29.Ra7 Qb5 30.Rxe7 Bf6
31.Re2 h5 32.Qc4 Qb7 33.Ra1 Rbd8 34.Qa6 Qd7 35.Qb6 Bxd4 36.Nxd4 Rxd4 37.Rae1 Kg7
38.Re7 Qd5 39.Qc7 Rd2 40.Rxf7+ Qxf7 41.Re7 Rd1+ 42.Kh2 R8d7 43.Rxf7+ Rxf7
44.Qxc6 Rf6 45.Qe4 g5 46.Qe7+ Kg6 47.Qe8+ Kh6 48.h4 Rf1 49.Qh8+ Kg6 50.Qg8+ Kf5
51.Qxg5+ Ke4 52.Qxh5 Kf4 53.Qg5+ Ke4 54.c6  1-0

[Event "Manila ol (Women)"]
[Site "Manila"]
[Date "1992.??.??"]
[Round "?"]
[White "Cosma, Elena Luminita"]
[Black "Sabirova, Sophia"]
[Result "1-0"]
[WhiteElo "2250"]
[BlackElo "2075"]

1.e4 g6 2.d4 Bg7 3.Nc3 c6 4.Bc4 d5 5.exd5 b5 6.Bb3 b4 7.Nce2 cxd5 8.Bd2 a5
9.a3 a4 10.axb4 axb3 11.Rxa8 Bb7 12.Ra3 bxc2 13.Qxc2 Nf6 14.Nf3 O-O 15.O-O Qb6
16.Qc5 Qd8 17.b5 Ne4 18.Qa7 Nd6 19.Bb4 Qd7 20.Bxd6 exd6 21.Qb6 f5 22.Ra7 Rf7
23.Ng5 Re7 24.Nf4 Qc7 25.Qxc7 Rxc7 26.Nfe6 Rd7 27.Rc1 Bf6  1-0

[Event "Manila ol (Men)"]
[Site "Manila"]
[Date "1992.??.??"]
[Round "?"]
[White "Yilmaz, Turham"]
[Black "Massana, Jorge"]
[Result "1-0"]
[WhiteElo "2390"]
[BlackElo "2255"]

1.e4 g6 2.d4 Bg7 3.Nc3 c6 4.Nf3 d5 5.h3 Nh6 6.Bd3 f6 7.Qe2 Nf7 8.Be3 O-O
9.O-O-O e6 10.h4 b5 11.h5 g5 12.h6 Bxh6 13.e5 b4 14.Na4 Qa5 15.exf6 Qxa4
16.Bxh7+ Kh8 17.Bg6 Ba6 18.Bxf7 Rxf7 19.Rxh6+ Kg8 20.Rdh1 Rh7 21.Rxh7 Bxe2
22.Rg7+  1-0

[Event "Manila ol (Men)"]
[Site "Manila"]
[Date "1992.??.??"]
[Round "?"]
[White "Rytshagov, Mikhail"]
[Black "Eingorn, Vereslav S"]
[Result "1/2-1/2"]
[WhiteElo "2385"]
[BlackElo "2580"]

1.e4 g6 2.d4 Bg7 3.Nc3 c6 4.Bc4 d6 5.Qf3 e6 6.Nge2 Nd7 7.O-O Ngf6 8.Bb3 O-O
9.Bg5 h6 10.Bh4 Qc7 11.a4 b6 12.Rad1 Ba6 13.Rfe1 Rae8 14.h3 e5 15.dxe5 dxe5
16.Ba2 Bc8 17.b4 Nh7 18.Qe3 Ndf6 19.Bb3 Be6 20.b5 Bxb3 21.cxb3 Re6 22.bxc6 Rxc6
23.Rd3 Rd6 24.Rxd6 Qxd6 25.Rd1 Qb4 26.Rb1 Rd8 27.Bg3 Ng5 28.Bxe5 Ngxe4 29.Nxe4 Qxe4
30.Qxe4 Nxe4 31.Bxg7 Kxg7 32.f3 Rd2 33.Nf4 Nc5 34.Re1 g5 35.Nh5+ Kg6 36.g4 Ne6
37.Rc1 Nd4 38.Rc8 Nxf3+ 39.Kf1 Nh2+ 40.Ke1 Nf3+ 41.Kf1  1/2-1/2

[Event "Manila ol (Men)"]
[Site "Manila"]
[Date "1992.??.??"]
[Round "?"]
[White "Rytshagov, Mikhail"]
[Black "Minasian, Artashes"]
[Result "1/2-1/2"]
[WhiteElo "2385"]
[BlackElo "2545"]

1.e4 g6 2.d4 Bg7 3.Nc3 c6 4.Bc4 d6 5.Qf3 e6 6.Nge2 Nd7 7.O-O Ngf6 8.Bg5 h6
9.Be3 e5 10.Bb3 Qe7 11.Rad1 Nf8 12.h3 Ne6 13.Qg3 Nh5 14.Qh2 g5 15.d5 Nef4
16.dxc6 bxc6 17.Ng3 Nxg3 18.fxg3 Ne6 19.Ba4 Bd7 20.Kh1 g4 21.hxg4 h5 22.gxh5 Bh6
23.Bxh6 Rxh6 24.Qh4 f6 25.g4 O-O-O 26.Qf2 Nc7 27.Qd2 Qg7 28.Qxd6 f5 29.Qd2 fxg4
30.Kg1 g3 31.Rf5 Rg8 32.Qxd7+ Qxd7 33.Rxd7 Kxd7 34.Rxe5 Rgh8 35.Rg5 Ne6  1/2-1/2

[Event "Mar del Plata op"]
[Site "Mar del Plata"]
[Date "1992.??.??"]
[Round "8"]
[White "Servat, Roberto"]
[Black "Iglesias, Alejandro"]
[Result "1-0"]
[WhiteElo "2395"]
[BlackElo "2265"]

1.e4 g6 2.d4 Bg7 3.Nc3 c6 4.Nf3 d5 5.h3 Nh6 6.Bd3 O-O 7.O-O dxe4 8.Nxe4 Nf5
9.c3 Qb6 10.Qc2 Qc7 11.Re1 Nd7 12.Ned2 Nf6 13.Ne5 c5 14.dxc5 Qxc5 15.Nb3 Qc7
16.Bf4 Nd5 17.Bh2 Nfe3 18.fxe3 Bxe5 19.Bxe5 Qxe5 20.Rad1 Qg5 21.Kh1 Nf6 22.Qf2 b6
23.Qf4 Qxf4 24.exf4 e6 25.Kh2 Bb7 26.Nd4 Rad8 27.g3 a6 28.Bf1 Rd7 29.Bg2 Bxg2
30.Kxg2 Rfd8 31.Kf3 h6 32.Rd2 Rc8 33.Red1 Rdc7 34.Nc2 a5 35.Rd8+ Kg7 36.Rxc8 Rxc8
37.Rd6 b5 38.a3 Rc5 39.Nd4 Nd5 40.Rxe6 b4 41.cxb4 axb4 42.Rc6 Ra5 43.axb4 Nxb4
44.Rb6 Nd3 45.Rb3 Nc1 46.Ra3 Rd5 47.Ke4 Rd7 48.b4 Rb7 49.b5 Rd7 50.b6 Rb7
51.Ra1 Rxb6 52.Rxc1 Rb4 53.Rc3 Ra4 54.Ke3 Ra7 55.Nf3 Re7+ 56.Kf2 Ra7 57.Rd3 Kf6
58.Ne5 Ke6 59.Ng4 h5 60.Ne3 Ra4 61.Kf3 Ra2 62.Rb3 Ra6 63.Rb5 Kf6 64.Rb6+  1-0

[Event "Melbourne Masters"]
[Site "Melbourne"]
[Date "1992.??.??"]
[Round "3"]
[White "Canfell, Gregory"]
[Black "Kagan, Issay"]
[Result "1/2-1/2"]
[WhiteElo "2315"]
[BlackElo "2380"]

1.e4 c6 2.d4 g6 3.Nc3 Bg7 4.f4 d5 5.e5 h5 6.Be3 Nh6 7.Nf3 Bg4 8.Be2 Nf5 9.Bf2 e6
10.g3 h4 11.Nxh4 Bxe2 12.Qxe2 Nxh4 13.gxh4 Bf8 14.Qg4 Bb4 15.Qg3 Be7 16.O-O-O Bxh4
17.Qf3 Bxf2 18.Qxf2 Qh4 19.Qf3 Nd7 20.Rdg1 O-O-O  1/2-1/2

[Event "Moscow ZSKS"]
[Site "Moscow"]
[Date "1992.??.??"]
[Round "?"]
[White "Cherniaev, Alexander"]
[Black "Shvedchikov, Anatoli I"]
[Result "0-1"]
[WhiteElo "2400"]
[BlackElo "2330"]

1.e4 g6 2.d4 Bg7 3.Nc3 c6 4.Bc4 d6 5.Qf3 e6 6.Nge2 d5 7.Bd3 a6 8.h4 Nd7 9.Bg5 Bf6
10.Bxf6 Qxf6 11.Qe3 Ne7 12.h5 b6 13.h6 O-O 14.g4 e5 15.g5 Qd6 16.O-O-O c5
17.dxc5 Nxc5 18.exd5 f6 19.gxf6 Nf5 20.Bxf5 Bxf5 21.Ng3 Qxf6 22.Rhe1 Nd7
23.d6 Bg4 24.Rd2 Bf3 25.Qd3 Qf4 26.Nd5 Qxh6 27.Nxb6 Nxb6 28.Rxe5 Qf4 29.Rc5 Nd7
30.Rc7 Rae8 31.c4 Ne5 32.Qc3 Rc8 33.b3 Rxc7 34.dxc7 Nc6 35.c5 Qxc7 36.Rd6  0-1

[Event "Munich op9192"]
[Site "Munich"]
[Date "1992.??.??"]
[Round "7"]
[White "Rakic, Tomislav"]
[Black "Stangl, Markus"]
[Result "0-1"]
[WhiteElo "2385"]
[BlackElo "2490"]

1.d4 g6 2.e4 Bg7 3.Nc3 c6 4.f4 d5 5.e5 h5 6.Be3 Nh6 7.Nf3 Bg4 8.h3 Bxf3 9.Qxf3 Nf5
10.Bd3 e6 11.g3 Nd7 12.O-O-O Nxe3 13.Qxe3 c5 14.g4 cxd4 15.Qxd4 Qb6 16.Qa4 O-O-O
17.Kb1 g5 18.Rhf1 hxg4 19.hxg4 a6 20.Rde1 Rh4 21.Be2 gxf4 22.Rxf4 Bxe5 23.Rb4 Qc6
24.Qxc6+ bxc6 25.Bxa6+ Kc7 26.Rb7+ Kd6 27.Be2 Rh3 28.Nd1 Rdh8 29.a4 Ra8 30.b3 f6
31.Rf1 Nc5 32.Rf7 Ne4 33.Kc1 Ng3 34.Rf2 Rh4 35.Ne3 Bc3 36.Rf3 Rh1+ 37.Nf1 Nxf1
38.Bxf1 Be5 39.Kd2 Rh4 40.Rh3 Rxg4 41.Rhh7 Rg3 42.Rd7+ Kc5 43.Rde7 Bc3+ 44.Ke2 e5
45.Re6 e4 46.Rc7 Kd4 47.Rxf6 Re3+  0-1

[Event "Munich op9192"]
[Site "Munich"]
[Date "1992.??.??"]
[Round "8"]
[White "Braeuning, Rudolf Wilhelm"]
[Black "Rakic, Tomislav"]
[Result "1-0"]
[WhiteElo "2355"]
[BlackElo "2385"]

1.e4 g6 2.d4 Bg7 3.Nc3 c6 4.Bc4 d6 5.Qf3 e6 6.Bf4 Ne7 7.Qg3 d5 8.Bxb8 dxc4
9.Bc7 Qd7 10.Nf3 f6 11.Bd6 b5 12.O-O-O Ba6 13.Bc7 h5 14.Ba5 Bh6+ 15.Kb1 g5
16.e5 g4 17.Ne4 Nd5 18.Nc5 Qf7 19.Nd2 Bf4 20.Qa3 Bc8 21.Nde4 O-O 22.Nxf6+ Nxf6
23.exf6 Qxf6 24.f3 Bd6 25.Qe3 Qf4 26.Qe2 gxf3 27.gxf3 Qxf3 28.Qe1 e5 29.Qh4 Bg4
30.h3 Bf5 31.Rhf1 Qe2 32.Bd2 Bxc5 33.Qg5+ Kh8 34.Rg1 Rf7 35.dxc5 Qe4 36.Qh6+ Bh7
37.Ka1 Rg8 38.Rxg8+ Kxg8 39.Rg1+ Kh8 40.Bc3 b4 41.Rd1  1-0

[Event "Munich op9192"]
[Site "Munich"]
[Date "1992.??.??"]
[Round "8"]
[White "Lochte, Thomas"]
[Black "Otte, Lars"]
[Result "0-1"]
[WhiteElo "2245"]
[BlackElo "2240"]

1.e4 g6 2.d4 Bg7 3.Nc3 c6 4.Bf4 d5 5.exd5 cxd5 6.Nb5 Na6 7.Bd3 Nf6 8.Nf3 O-O
9.O-O Bd7 10.Re1 Nb4 11.Bc7 Qc8 12.Rxe7 Nxd3 13.Qxd3 a6 14.Rae1 Bxb5 15.Qe3 Re8
16.Qf4 Qg4 17.Qd6 Rxe7 18.Rxe7 Re8 19.h3 Qc8 20.Ne5 Rxe7 21.Qxe7 Qe8 22.Qd6 h5
23.b3 Qe6 24.Qd8+ Be8 25.c4 Kh7 26.Nf3 Qd7 27.Qb8 dxc4 28.bxc4 Qc6 29.Ne5 Qe4
30.Nf3 Qb1+ 31.Kh2 Qxa2 32.Be5 Qa4 33.c5 Qd7 34.Bd6 Ne4 35.Ne5 Bxe5+ 36.Bxe5 a5
37.f3 Nc3 38.Qa7 a4 39.Qb6 Nd5 40.Qa5 f6 41.Bd6 Ne3 42.Bf4 Nf5 43.Qb6 Kg7
44.g4 hxg4 45.fxg4 Nxd4 46.g5 Nf3+  0-1

[Event "Norresundby op"]
[Site "Norresundby"]
[Date "1992.??.??"]
[Round "9"]
[White "Sogaard, Soren"]
[Black "Poley, Vladimir"]
[Result "0-1"]
[WhiteElo "2315"]
[BlackElo "2290"]

1.e4 g6 2.d4 Bg7 3.Nc3 c6 4.Bc4 d5 5.exd5 b5 6.Bb3 b4 7.Nce2 cxd5 8.Bd2 Na6
9.Ba4+ Bd7 10.Bxd7+ Qxd7 11.Nf3 Nf6 12.a3 bxa3 13.Rxa3 Nc7 14.Ne5 Qd6 15.O-O Nb5
16.Rf3 Nxd4 17.Nxd4 Qxe5 18.Bf4 Qh5 19.Re1 Ne4 20.c4 O-O 21.h3 dxc4 22.Nc6 Ng5
23.Nxe7+ Kh8 24.Rfe3 Qxd1 25.Rxd1 Ne6 26.Be5 Rfd8 27.Rc1 Rd2 28.Rxc4 Bxe5
29.Rxe5 Rxb2 30.Ra4 Rd8 31.Re3 Rd1+ 32.Kh2 Rxf2 33.Rxa7 Rdd2 34.Rg3 Nf4 35.Ra8+ Kg7
36.Nf5+ Kf6 37.Ne3 h5 38.Ra6+ Ke7 39.h4 Rfe2 40.Ra4 Ne6 41.Ra7+ Rd7 42.Rxd7+ Kxd7
43.Rf3 Ke7 44.Nd5+ Ke8 45.Nf4 Re4 46.g3 Nd4 47.Ra3 Nf5 48.Rf3 Ne3 49.Kg1 Ng4
50.Ra3 Rc4 51.Ra7 Kf8 52.Rb7 Rc3 53.Kg2 Ne3+ 54.Kf2 Nf5 55.Ne2 Ra3 56.Rc7 Kg7
57.Rb7 Nd6 58.Re7 Kf6 59.Re3 Rxe3 60.Kxe3 Kf5 61.Kf3 Nb5 62.Ke3 Kg4 63.Kf2 Nd6
64.Nc3 f5 65.Kg2 f4 66.gxf4 Nf5 67.Nd5 Nxh4+ 68.Kh2 Nf5 69.Kg2 h4 70.Kh2 h3
71.Nf6+ Kh4 72.Nd7 Ne3 73.Nf8 Ng4+ 74.Kh1 Kg3 75.Nxg6 h2 76.Ne5 Nf2+  0-1

[Event "Odorheiu Secuiesc"]
[Site "Odorheiu Secuiesc"]
[Date "1992.??.??"]
[Round "?"]
[White "Vaidya, Arun B"]
[Black "Lupu, Smaranda  B"]
[Result "0-1"]
[WhiteElo "2335"]
[BlackElo "2205"]

1.e4 g6 2.d4 Bg7 3.Nc3 c6 4.g3 d5 5.exd5 cxd5 6.Bg2 e6 7.Nf3 Nc6 8.O-O Nge7
9.Ne2 O-O 10.c3 b6 11.Nf4 a5 12.Re1 Ba6 13.Nd3 Nf5 14.Nde5 Nce7 15.h4 h5
16.Bh3 Rc8 17.Kh2 Nd6 18.Ng5 Nef5 19.Bf4 Re8 20.Bxf5 exf5 21.Qf3 Bb7 22.Nd3 Ne4
23.Qg2 Ba6 24.Rad1 Bb5 25.Nc1 f6 26.Nh3 Qd7 27.f3 Nd6 28.Qd2 Nf7 29.Rxe8+ Rxe8
30.Re1 Rxe1 31.Qxe1 Nd8 32.Bd2 Kf7 33.Nf4 Bf8 34.Kg2 Bd6 35.Qd1 Bc4 36.Qc2 Nc6
37.Nce2 Bb8 38.b3 Ba6 39.Kf2 Bc7 40.Be3 Ne7 41.c4 Qc6 42.c5 b5 43.a3 b4 44.a4 Qe8
45.Qd2 Qd8 46.Qc2 Nc6 47.Qd2 Qe8 48.Kg2 Kg7 49.Nh3 Qf7 50.Nc1 Kf8 51.f4 Qe6
52.Nf2 Ke8 53.Ncd3 Kd7 54.Ne1 Ne7 55.Kg1 Ng8  0-1

[Event "Ostrava op"]
[Site "Ostrava"]
[Date "1992.??.??"]
[Round "2"]
[White "Jakubiec, Artur"]
[Black "Karlik, Vladimir"]
[Result "1-0"]
[WhiteElo "2315"]
[BlackElo "2290"]

1.e4 g6 2.d4 Bg7 3.Nc3 c6 4.Nf3 d5 5.h3 Nh6 6.Bd3 f6 7.O-O O-O 8.Ne2 Na6
9.c3 Nf7 10.Be3 e5 11.dxe5 fxe5 12.Qb3 Qd6 13.Bxa6 bxa6 14.Rad1 Rd8 15.Qa4 Bb7
16.Nc1 Qc7 17.Nb3 Nd6 18.Nc5 Qc8 19.Qb3 Rb8 20.exd5 cxd5 21.Nxb7 Nc4 22.Nxd8 Rxb3
23.axb3 Nxe3 24.fxe3 Qxd8 25.Kh1 e4 26.Nd4 Bh6 27.c4 Bxe3 28.Ne6  1-0

[Event "Oviedo rapid45"]
[Site "Oviedo"]
[Date "1992.??.??"]
[Round "7"]
[White "De la Villa Garcia, Jesus Maria"]
[Black "Damljanovic, Branko"]
[Result "0-1"]
[WhiteElo "2450"]
[BlackElo "2585"]

1.e4 g6 2.d4 Bg7 3.Nc3 c6 4.Be3 d6 5.Nge2 Nd7 6.g3 Ngf6 7.h3 b5 8.Bg2 Bb7
9.O-O O-O 10.f4 e5 11.dxe5 dxe5 12.f5 Qe7 13.g4 h6 14.Qd2 g5 15.Ng3 Rfd8
16.Qf2 Bf8 17.Bf3 Qb4 18.Rab1 Bc5 19.Bxc5 Qxc5 20.Qxc5 Nxc5 21.b4 Ncd7 22.Rfd1 Nb6
23.Rxd8+ Rxd8 24.Rd1 Rxd1+ 25.Bxd1 a6 26.Be2 Kf8 27.Nf1 c5 28.bxc5 Nbd7 29.a4 bxa4
30.Nxa4 Nxe4 31.Ne3 Ndxc5 32.Nb6 Nc3 33.Bc4 a5 34.f6 Be4 35.Nc8 a4 36.Nd6 Bg6
37.Nd5 N5e4 38.Nxe4 Nxe4 39.Nb6 Nc5 40.c3 Bb1  0-1

[Event "Paris-ch"]
[Site "Paris"]
[Date "1992.??.??"]
[Round "9"]
[White "Chevallier, Didier"]
[Black "Gouret, Thierry"]
[Result "1-0"]
[WhiteElo "2305"]
[BlackElo "2205"]

1.d4 g6 2.e4 Bg7 3.Nc3 c6 4.f4 d6 5.a4 e5 6.dxe5 dxe5 7.Qxd8+ Kxd8 8.Bc4 Be6
9.Bxe6 fxe6 10.Nf3 Nd7 11.O-O exf4 12.Bxf4 e5 13.Bg3 Nh6 14.Rad1 Kc7 15.Rd2 Rae8
16.Rfd1 Nb8 17.a5 b6 18.axb6+ axb6 19.Na4 Nf7 20.Bf2 c5 21.b4 Rd8 22.bxc5 b5
23.Nc3 Rxd2 24.Nxd2 Rd8 25.Nd5+ Kc6 26.Ra1 b4 27.Nxb4+ Kb5 28.Nd5 Bh6 29.c4+ Kc6
30.Ra7  1-0

[Event "BCF-ch"]
[Site "Plymouth"]
[Date "1992.??.??"]
[Round "2"]
[White "Coleman, David"]
[Black "Walker, David"]
[Result "0-1"]
[WhiteElo "2235"]
[BlackElo "2320"]

1.e4 g6 2.d4 Bg7 3.Nc3 c6 4.f4 d5 5.e5 h5 6.Nf3 Nh6 7.Be3 Bg4 8.Be2 e6 9.Qd2 Nd7
10.g3 b5 11.h3 Bf5 12.Nd1 Nb6 13.b3 Be4 14.Rg1 Bxf3 15.Bxf3 Nf5 16.Bf2 Qd7
17.Nb2 Bf8 18.Ke2 Ba3 19.Nd3 Qe7 20.Rae1 O-O-O 21.Qa5 Kb8 22.Ra1 b4 23.g4 hxg4
24.hxg4 Nh4 25.Be1 Nxf3 26.Kxf3 Rh2 27.Bxb4 Bxb4 28.Nxb4 Qh4 29.Rg3 Rh3 30.Rg1 Rxg3+
31.Rxg3 Qh1+ 32.Rg2 Rh8 33.Nd3 Rh3+ 34.Kf2 Qd1 35.Ne1 Qxd4+ 36.Ke2 Qe4+ 37.Kd1 Qxf4
38.Qc5 Qxe5 39.Qf8+ Nc8 40.Qxf7 Qa1+ 41.Ke2 Rh1 42.Qf4+ Ka8 43.Qb4 c5 44.Qa5 Qe5+
45.Kd1 Qd4+ 46.Ke2 Qe4+ 47.Kf2 Qf4+ 48.Nf3 Rh3  0-1

[Event "POL-ch"]
[Site "?"]
[Date "1992.??.??"]
[Round "5"]
[White "Przewoznik, Jan"]
[Black "Maciejewski, Andrzej"]
[Result "0-1"]
[WhiteElo "2415"]
[BlackElo "2350"]

1.e4 c6 2.d4 g6 3.Nc3 Bg7 4.f4 d5 5.e5 h5 6.Nf3 Bg4 7.Be3 Nh6 8.h3 Nf5 9.Bf2 Bxf3
10.Qxf3 h4 11.Bd3 e6 12.O-O a5 13.Ne2 Na6 14.a3 a4 15.b3 Nc7 16.Nc3 axb3
17.cxb3 Bf8 18.b4 b5 19.Rfb1 Be7 20.Rb3 O-O 21.Rc1 Qd7 22.Nb1 Rac8 23.Rbc3 Na8
24.Qd1 Nb6 25.Qe1 Nc4 26.Bxf5 exf5 27.Bxh4 Bxh4 28.Qxh4 Ra8 29.Qf2 Kg7 30.Rg3 Ra4
31.Rcc3 Rfa8 32.Rcd3 Qe7 33.h4 Nxa3 34.Nxa3 Qxb4 35.Qe3 Qe7 36.h5 b4 37.Nc2 Ra2
38.hxg6 Rxc2 39.gxf7+ Kxf7 40.Rg5 Ke6 41.Qh3 Kd7 42.Qxf5+ Kc7 43.Rh3 Ra1+
44.Kh2 Rcc1 45.Rf3 Ra3 46.Rh5 Kb6 47.Rh7 Qe8 48.Rxa3 bxa3 49.Qd3 Qf8 50.Qb3+ Ka6
51.Qd3+ Kb6 52.f5 Qb4 53.Qe3 Qb1 54.Qxa3 Rh1+ 55.Kg3 Rxh7 56.f6 Qe1+ 57.Kf4 Qe4+
58.Kg3 Qxd4 59.Qd6 Qh4+ 60.Kf3 Qe4+ 61.Kg3 Qe1+ 62.Kf3 Qe4+ 63.Kg3 Kb7 64.Kf2 Rh4
65.Qe7+ Kb6 66.Qe6 Rf4+  0-1

[Event "POL-ch"]
[Site "?"]
[Date "1992.??.??"]
[Round "7"]
[White "Pedzich, Dominik"]
[Black "Maciejewski, Andrzej"]
[Result "1/2-1/2"]
[WhiteElo "2385"]
[BlackElo "2350"]

1.e4 g6 2.d4 c6 3.Nc3 Bg7 4.Bc4 b5 5.Bb3 b4 6.Nce2 d5 7.Nf3 e6 8.Be3 Nf6
9.e5 Nfd7 10.Qd2 a5 11.a3 bxa3 12.Rxa3 Nb6 13.Bh6 Bxh6 14.Qxh6 a4 15.Ba2 Qe7
16.O-O Ba6 17.Re1 Qb4 18.Qc1 N8d7 19.Nf4 Rb8 20.c3 Qe7 21.Bb1 Bb5 22.Bc2 c5
23.dxc5 Nxc5 24.Nd4 Bd7 25.Nd3 Nc4 26.Ra2 O-O 27.Re2 Rfc8 28.Nf4 Qg5 29.Nf3 Qh6
30.g3 Na5 31.Qe3 Bb5 32.Re1 Bc4 33.Raa1 Rxb2 34.Bxa4 Ba2 35.Bb5 Rxb5 36.Rxa2 Nc4
37.Qd4 Rcb8 38.Nd2 Nxd2 39.Qxd2 Ne4 40.Qe3 Qg5 41.f3 Nc5 42.Nxd5 Qxe3+ 43.Nxe3 Nd3
44.Rd1 Nxe5 45.f4 Nc6 46.Rd6 Rc5 47.c4  1/2-1/2

[Event "POL-ch"]
[Site "?"]
[Date "1992.??.??"]
[Round "9"]
[White "Gdanski, Jacek"]
[Black "Maciejewski, Andrzej"]
[Result "1-0"]
[WhiteElo "2435"]
[BlackElo "2350"]

1.e4 g6 2.d4 c6 3.Nc3 Bg7 4.f4 d5 5.e5 h5 6.Be3 Nh6 7.Qd2 Ng4 8.O-O-O b5
9.Nf3 Nxe3 10.Qxe3 Bg4 11.h3 Bxf3 12.Qxf3 e6 13.g4 Nd7 14.Kb1 Nb6 15.f5 hxg4
16.hxg4 Rxh1 17.Qxh1 Qg5 18.fxe6 fxe6 19.Bd3 Ke7 20.Qh7 Qh6 21.Qxh6 Bxh6
22.Rh1 Bg7 23.Ne2 Rf8 24.Rh7 Rf7 25.b3 Kf8 26.Bxg6 Rf1+ 27.Kb2 Rf3 28.Kc1 b4
29.g5 Nd7 30.Be8 Nb8 31.g6 Na6 32.Bxc6 Nc7 33.Rh4 Kg8 34.Bd7 Rf2 35.Kd1 Bf8
36.Nf4 Rf1+ 37.Ke2 Rg1 38.Nxe6 Rg2+ 39.Kf3 Rxc2 40.Nxc7 Rxc7 41.Be6+  1-0

[Event "POL-ch"]
[Site "?"]
[Date "1992.??.??"]
[Round "14"]
[White "Sznapik, Aleksander"]
[Black "Maciejewski, Andrzej"]
[Result "1-0"]
[WhiteElo "2460"]
[BlackElo "2350"]

1.e4 g6 2.d4 c6 3.Nc3 Bg7 4.Nf3 b5 5.h3 d6 6.Bd3 Nf6 7.O-O O-O 8.Bg5 b4 9.Ne2 a5
10.Qd2 e5 11.dxe5 dxe5 12.a3 Ba6 13.Bxf6 Bxf6 14.axb4 axb4 15.Qxb4 Bxd3 16.cxd3 Rxa1
17.Rxa1 Qxd3 18.Nc3 Kg7 19.Qb7 Qd7 20.Qb6 Qe6 21.Rd1 Re8 22.Qa7 Qb3 23.Rd2 Qb4
24.Qc7 Re7 25.Qc8 Qb7 26.Rd8 Qxc8 27.Rxc8 Rb7 28.Nd1 Rb4 29.Ne3 Rxb2 30.Nc4 Rb1+
31.Kh2 Nd7 32.Nd6 Rd1 33.Ne8+ Kh6 34.g4 g5 35.Rxc6 Kg6 36.Nxe5+  1-0

[Event "Ponferrada op"]
[Site "Ponferrada"]
[Date "1992.??.??"]
[Round "?"]
[White "Zlotnik, Boris A"]
[Black "De la Riva Aguado, Oscar"]
[Result "1/2-1/2"]
[WhiteElo "2455"]
[BlackElo "2380"]

1.d4 g6 2.e4 Bg7 3.Nc3 c6 4.Nf3 d5 5.h3 Nh6 6.Bd3 O-O 7.O-O f6 8.Ne2 Nf7
9.c4 dxe4 10.Bxe4 f5 11.Bc2 e5 12.dxe5 Nxe5 13.Nxe5 Bxe5 14.Bh6 Qxd1 15.Raxd1 Re8
16.Nd4 Nd7 17.Rfe1 Nf6 18.c5 Bd7 19.Nf3 Bc7 20.Bb3+ Nd5 21.g3 a5 22.Kg2 a4
23.Bc4 Ba5 24.Rxe8+ Rxe8 25.Rd4 Bd8 26.Bg5 Ba5 27.a3 Kg7 28.Bd3 b5 29.cxb6 Bxb6
30.Rxa4 h6 31.Bd2 c5 32.Ra6 Rb8 33.Kh2 Nc7 34.Bc3+ Kh7 35.Ne5 Be8 36.Rxb6 Rxb6
37.Nc4 Re6 38.Be5 Nb5 39.f4 Nd4 40.Kg2 Bb5 41.Kf2 Ra6  1/2-1/2

[Event "Porz op28"]
[Site "Porz"]
[Date "1992.??.??"]
[Round "4"]
[White "Meijers, Viesturs"]
[Black "Goy, Udo"]
[Result "1-0"]
[WhiteElo "2375"]
[BlackElo "2215"]

1.e4 g6 2.d4 Bg7 3.Nc3 c6 4.Nf3 d5 5.exd5 cxd5 6.Bf4 a6 7.Be2 Nf6 8.Qd2 Nc6
9.Ne5 Qb6 10.O-O-O O-O 11.h4 Bf5 12.g4 Nxe5 13.dxe5 Nxg4 14.Nxd5 Qe6 15.Bc4 Nxe5
16.Bb3 Nf3 17.Qb4 Qe4 18.Qxe7 Nd4 19.Qxe4 Bxe4 20.Rhe1 Bf3 21.Rd2 Bxd5 22.Bxd5 Rfe8
23.Rxe8+ Rxe8 24.Kd1 b5 25.c3 Nf5 26.Bc6 Rc8 27.Bb7 Rc4 28.Rd8+ Bf8 29.Be5 Rc5
30.f4 Ne3+ 31.Ke2 Nc4 32.b4 Rxe5+ 33.fxe5 Nxe5 34.Bxa6 f5 35.Bxb5 Kf7 36.a4 Be7  1-0

[Event "Porz op28"]
[Site "Porz"]
[Date "1992.??.??"]
[Round "8"]
[White "Hengelbrock, Joachim"]
[Black "Schneider, B."]
[Result "0-1"]
[WhiteElo "2230"]
[BlackElo "2415"]

1.e4 g6 2.d4 Bg7 3.Nc3 c6 4.Nf3 d5 5.Be3 Nf6 6.e5 Ng4 7.Bf4 f6 8.exf6 Nxf6
9.Qd2 O-O 10.Bh6 Bxh6 11.Qxh6 Qd6 12.O-O-O Bg4 13.Re1 Bxf3 14.gxf3 Nbd7 15.Rg1 Rf7
16.f4 Ne8 17.Bh3 Ng7 18.Qg5 Raf8 19.Ne2 Nb6 20.f5 Nxf5 21.Nf4 Nxd4 22.Be6 Nxe6
23.Nxe6 Nc4 24.a3 Qxh2 25.Rg2 Qh3 26.Nxf8 Kxf8 27.b3 Qc3 28.Kd1 Nb2+ 29.Ke2 Qxc2+
30.Qd2 Qxb3 31.Kf1 Qd3+ 32.Qxd3 Nxd3 33.Rd1 Nc5 34.Rh2 e5 35.Rc1 Nd3 36.Rb1 e4
37.Ke2 b6 38.f3 Nf4+ 39.Ke3 exf3 40.Kxf3 Ke7 41.Kg4 Ne6 42.Re1 Kd6 43.Rhe2 h5+
44.Kg3 Rf6 45.Kh4 c5 46.Kg3 c4 47.Kh4  0-1

[Event "ROM-ch (Women)"]
[Site "?"]
[Date "1992.??.??"]
[Round "2"]
[White "Marin Ionescu, Luiza"]
[Black "Stanciu, Gabriela"]
[Result "1-0"]
[WhiteElo "2155"]
[BlackElo "2260"]

1.e4 g6 2.d4 Bg7 3.Nc3 c6 4.Be3 d5 5.Qd2 dxe4 6.Nxe4 Nd7 7.Nf3 Ngf6 8.Ng3 Ng4
9.Bf4 Qb6 10.Bc4 Qxb2 11.O-O Nb6 12.Bb3 Nd5 13.Rfe1 Nxf4 14.Qxf4 O-O 15.a4 Qc3
16.Ne4 Qb4 17.Rab1 Qa5 18.Neg5 Nf6 19.Rxe7 Nd5 20.Bxd5 Qxd5 21.Nxh7 Kxh7
22.Ng5+ Kg8 23.Qh4 Rd8 24.Rxf7 Qxf7 25.Nxf7 Rxd4 26.Qe7 Bd7 27.Nd6 Bf8 28.Qf7+ Kh8
29.Qf6+ Bg7 30.Nf7+ Kg8 31.Qxg6 Be8 32.Nh6+ Kh8 33.Qe6 Rad8 34.Qg8+  1-0

[Event "ROM-chT"]
[Site "?"]
[Date "1992.??.??"]
[Round "?"]
[White "Miulescu, Gabriel"]
[Black "Nevednichy, Vladislav"]
[Result "1/2-1/2"]
[WhiteElo "2280"]
[BlackElo "2470"]

1.e4 g6 2.d4 Bg7 3.Nc3 c6 4.Nf3 d5 5.Be2 Nf6 6.e5 Nfd7 7.O-O f6 8.Bf4 Nf8
9.Qd2 Ne6 10.Bh6 O-O 11.Bxg7 Kxg7 12.exf6+ exf6 13.Bd3 Qd6 14.Ne2 b6 15.Rfe1 Ba6
16.Ng3 Bxd3 17.Qxd3 Kf7 18.Qe3 Nd7 19.Nh4 Rfe8 20.Qh6 Ndf8 21.Ngf5 gxf5 22.Nxf5 Qc7
23.Re3 Kg8 24.Qxf6 Ng7 25.Nh6+ Kh8 26.Rae1 Rxe3 27.Rxe3 Ng6 28.Nf7+ Kg8 29.Nh6+  1/2-1/2

[Event "Simferopol (Women)"]
[Site "Simferopol"]
[Date "1992.??.??"]
[Round "5"]
[White "Ruchieva, Natalia"]
[Black "Safranska, Anda"]
[Result "1-0"]
[WhiteElo "2235"]
[BlackElo "2260"]

1.e4 g6 2.d4 Bg7 3.Nc3 c6 4.a4 d5 5.exd5 cxd5 6.Bf4 Nf6 7.Nb5 Na6 8.Be5 O-O
9.Nf3 Bg4 10.c3 Bh6 11.h3 Bxf3 12.Qxf3 Ne4 13.Bf4 Bg7 14.Bd3 f5 15.Qe3 e5
16.Bxe5 Bxe5 17.dxe5 f4 18.Qd4 Nec5 19.Nd6 Nxd3+ 20.Qxd3 Nc7 21.O-O f3 22.g3 b6
23.Rfe1 Qd7 24.Kh2 Qe6 25.Rad1 Rad8 26.Re3 Kg7 27.Rde1 Ne8 28.Nb5 Qc8 29.Rxf3 Rxf3
30.Qxf3 Qc4 31.Nd4  1-0

[Event "Rilton Cup"]
[Site "Stockholm"]
[Date "1992.??.??"]
[Round "6"]
[White "Hector, Jonny"]
[Black "Petursson, Margeir"]
[Result "1/2-1/2"]
[WhiteElo "2535"]
[BlackElo "2565"]

1.e4 g6 2.d4 Bg7 3.Nc3 c6 4.f4 d5 5.e5 h5 6.Be3 Nh6 7.Nf3 Bg4 8.Be2 e6 9.g3 Nf5
10.Bf2 Nd7 11.h3 Bxf3 12.Bxf3 Bf8 13.Ne2 c5 14.c3 cxd4 15.cxd4 Nb6 16.b3 Ba3
17.Kf1 Rc8 18.Kg2 Ne7 19.g4 hxg4 20.hxg4 Rxh1 21.Qxh1 Kd7 22.Qd1 Nc6 23.Qd2 Nb4
24.Nc3 Qc7 25.Nb5 Qc2 26.Qxc2 Nxc2 27.Rh1 Be7 28.Rh7 a6 29.Nd6 Bxd6 30.exd6 Rf8
31.f5 gxf5 32.gxf5 exf5 33.Bh5 Kxd6 34.Bxf7 f4 35.Kf3 Nb4 36.Bh5 Nd7 37.Bg4 Nf6
38.Rxb7 Nxg4 39.Rxb4 Nxf2 40.Kxf2 Kc6 41.a4 Re8 42.a5 Re3 43.Rb6+ Kc7 44.Rxa6 Rxb3
45.Rf6 Rb4  1/2-1/2

[Event "FRA-ch"]
[Site "Strasbourg"]
[Date "1992.??.??"]
[Round "8"]
[White "Relange, Eloi"]
[Black "Bricard, Emmanuel"]
[Result "0-1"]
[WhiteElo "2285"]
[BlackElo "2485"]

1.e4 g6 2.d4 Bg7 3.Nc3 c6 4.f4 d6 5.Nf3 Bg4 6.Be3 Qb6 7.Qd2 Bxf3 8.gxf3 Nd7
9.O-O-O Qa5 10.Kb1 O-O-O 11.h4 Ngf6 12.Bh3 Kb8 13.f5 c5 14.f4 Nh5 15.Qf2 Nb6
16.dxc5 Nc4 17.Bd4 Bxd4 18.Qxd4 Qxc5 19.Nd5 Rhe8 20.Rhf1 e6 21.fxe6 fxe6
22.Nc3 Rc8 23.Qxc5 Rxc5 24.Rd3 b5 25.b3 Na3+ 26.Kb2 b4 27.Na4 Rxc2+ 28.Ka1 Rec8
29.Rdd1 Nxf4  0-1